Author & subject catalogue to Records of the Botanical Survey of India, volumes 1-17 (2): 1893-1959, (Record no. 83804)
[ view plain ]
| 000 -LEADER | |
|---|---|
| fixed length control field | 00790cam a22002291 4500 |
| 001 - CONTROL NUMBER | |
| control field | sa 68011232 |
| 003 - CONTROL NUMBER IDENTIFIER | |
| control field | DLC |
| 005 - DATE AND TIME OF LATEST TRANSACTION | |
| control field | 20260227112558.0 |
| 008 - FIXED-LENGTH DATA ELEMENTS--GENERAL INFORMATION | |
| fixed length control field | 711115s1961 ii bc 000 0 eng |
| 010 ## - LIBRARY OF CONGRESS CONTROL NUMBER | |
| LC control number | sa 68011232 |
| 025 ## - OVERSEAS ACQUISITION NUMBER | |
| Overseas acquisition number | PL480:I-E-7215 |
| 040 ## - CATALOGING SOURCE | |
| Original cataloging agency | DLC |
| Transcribing agency | DLC |
| Modifying agency | DLC |
| 043 ## - GEOGRAPHIC AREA CODE | |
| Geographic area code | a-ii--- |
| 050 00 - LIBRARY OF CONGRESS CALL NUMBER | |
| Classification number | Z5358.I5 |
| Item number | A52 |
| 100 1# - MAIN ENTRY--PERSONAL NAME | |
| Personal name | Srinivasan, K. S., |
| Dates associated with a name | 1912- |
| 245 10 - TITLE STATEMENT | |
| Title | Author & subject catalogue to Records of the Botanical Survey of India, volumes 1-17 (2): 1893-1959, |
| Statement of responsibility, etc. | compiled by K. S. Srinivasan and A. R. Das. |
| 260 ## - PUBLICATION, DISTRIBUTION, ETC. | |
| Place of publication, distribution, etc. | Calcutta, |
| Name of publisher, distributor, etc. | Industrial Section, Indian Museum, Botanical Survey of India, |
| Date of publication, distribution, etc. | 1961. |
| 300 ## - PHYSICAL DESCRIPTION | |
| Extent | 19 p. |
| Dimensions | 21 cm. |
| 650 #0 - SUBJECT ADDED ENTRY--TOPICAL TERM | |
| Topical term or geographic name entry element | Botany |
| Geographic subdivision | India |
| General subdivision | Bibliography. |
| 700 1# - ADDED ENTRY--PERSONAL NAME | |
| Personal name | Das, A. R., |
| Dates associated with a name | 1926- |
| 730 0# - ADDED ENTRY--UNIFORM TITLE | |
| Uniform title | Records of the Botanical Survey of India. |
No items available.